Wild but friendly. (Record no. 14248)
[ view plain ]
| 000 -LEADER | |
|---|---|
| fixed length control field | 00563nam a22002052 4500 |
| 001 - CONTROL NUMBER | |
| control field | 0000005680 |
| 005 - DATE AND TIME OF LATEST TRANSACTION | |
| control field | 20151217160111.0 |
| 008 - FIXED-LENGTH DATA ELEMENTS--GENERAL INFORMATION | |
| fixed length control field | 070620s xx 000 0 eng d |
| 020 ## - INTERNATIONAL STANDARD BOOK NUMBER | |
| International Standard Book Number | 8472083004 : |
| 040 ## - CATALOGING SOURCE | |
| Original cataloging agency | KABU |
| Transcribing agency | KABU |
| 050 #0 - LIBRARY OF CONGRESS CALL NUMBER | |
| Classification number | QL49 |
| Item number | .L67 |
| 100 1# - MAIN ENTRY--PERSONAL NAME | |
| Personal name | Lopes, Maria Augusta. |
| -- | 0000156747 |
| 245 10 - TITLE STATEMENT | |
| Title | Wild but friendly. |
| 260 ## - PUBLICATION, DISTRIBUTION, ETC. (IMPRINT) | |
| Place of publication, distribution, etc. | Madrid : |
| Name of publisher, distributor, etc. | Editorial Safeliz, |
| Date of publication, distribution, etc. | 2004. |
| 300 ## - PHYSICAL DESCRIPTION | |
| Extent | 81 p. |
| 908 ## - PUT COMMAND PARAMETER (RLIN) | |
| Put command parameter | 070620 |
| 950 ## - LOCAL HOLDINGS (RLIN) | |
| -- | 1 |
| Withdrawn status | Lost status | Source of classification or shelving scheme | Not for loan | Home library | Current library | Date acquired | Total Checkouts | Full call number | Barcode | Date last seen | Price effective from | Koha item type |
|---|---|---|---|---|---|---|---|---|---|---|---|---|
| Library of Congress Classification | Kabarak, Main Campus | Kabarak, Main Campus | 17/12/2015 | QL49 .L67 | 011888 | 17/12/2015 | 17/12/2015 | Children Collection | ||||
| Library of Congress Classification | Kabarak, Main Campus | Kabarak, Main Campus | 17/12/2015 | QL49 .L67 | 002061 | 17/12/2015 | 17/12/2015 | Children Collection |